书目信息 |
| 题名: |
电力系统恢复理论与技术
|
|
| 作者: | 王洪涛 , 叶华 , 刘玉田 著 | |
| 分册: | ||
| 出版信息: | 北京 科学出版社 2014 |
|
| 页数: | 270页 | |
| 开本: | 24cm | |
| 丛书名: | ||
| 单 册: | ||
| 中图分类: | TM711.2 | |
| 科图分类: | ||
| 主题词: | 电力系统--系统恢复--研究 , 系统恢复 , 电力系统 | |
| 电子资源: | ||
| ISBN: | 978-7-03-039897-0 | |
| 000 | 00992nam0 2200265 450 | |
| 001 | 140610 | |
| 005 | 20140929091524.42 | |
| 010 | @a978-7-03-039897-0@dCNY 75.00 | |
| 100 | @a20140517d2014 em y0chiy50 ea | |
| 101 | 0 | @achi |
| 102 | @aCN@b110000 | |
| 105 | @ay z 000yy | |
| 200 | 1 | @a电力系统恢复理论与技术@Adian li xi tong hui fu li lun yu ji shu@b专著@f刘玉田,王洪涛,叶华著 |
| 210 | @a北京@c科学出版社@d2014 | |
| 215 | @a270页@d24cm | |
| 330 | @a本书共分7章,主要内容包括绪论、电力系统恢复中的安全校验与调控、黑启动中的控制决策与现场试验、网架重构阶段的路径寻优与多目标优化、负荷最大投入量与投入顺序优化、主从递阶式分区协调恢复技术、恢复决策支持系统的设计开发等。 | |
| 606 | 0 | @a电力系统@x系统恢复@x研究 |
| 606 | 0 | @a系统恢复 |
| 606 | 0 | @a电力系统 |
| 690 | @aTM711.2@v5 | |
| 701 | 0 | @a王洪涛@Awang hong tao@f(1973 )@4著 |
| 701 | 0 | @a叶华@Aye hua@f(1981 )@4著 |
| 701 | 0 | @a刘玉田@Aliu yu tian@f(1964 )@4著 |
| 801 | 0 | @aCN@bZL@c20140929 |
| 905 | @a241430@dTM711.2@eL710 | |
| 电力系统恢复理论与技术/刘玉田,王洪涛,叶华著.-北京:科学出版社,2014 |
| 270页;24cm |
| ISBN 978-7-03-039897-0:CNY 75.00 |
| 本书共分7章,主要内容包括绪论、电力系统恢复中的安全校验与调控、黑启动中的控制决策与现场试验、网架重构阶段的路径寻优与多目标优化、负荷最大投入量与投入顺序优化、主从递阶式分区协调恢复技术、恢复决策支持系统的设计开发等。 |
| ● |
| 相关链接 |
|
|
|
正题名:电力系统恢复理论与技术
索取号:TM711.2/L710
 
预约/预借
| 序号 | 登录号 | 条形码 | 馆藏地/架位号 | 状态 | 备注 |
| 1 | 0835678 | 208356786 | 自科库301/301自科库 17排2列1层/ [索取号:TM711.2/L710] | 在馆 | |
| 2 | 0835679 | 208356795 | 自科库301/301自科库 17排2列1层/ [索取号:TM711.2/L710] | 在馆 | |
| 3 | 0835680 | 208356802 | 自科二线404/301自科库 12排1列3层/ [索取号:TM711.2/L710] | 在馆 |